[Event "CHI-ch sf"]
[Site "Santiago de Chile"]
[Date "2018.12.09"]
[Round "6.3"]
[White "Salas Arros, Cristian Eduardo"]
[Black "Cuevas Araya, Walter"]
[Result "1/2-1/2"]
[WhiteElo "2375"]
[BlackElo "2151"]
[PlyCount "183"]
[EventDate "2018.12.07"]
[EventType "swiss"]
[EventRounds "8"]
[EventCountry "CHI"]
[SourceTitle "EXT 2024"]
[Source "ChessBase"]
[SourceDate "2023.10.10"]
[SourceVersion "1"]
[SourceVersionDate "2023.10.10"]
[SourceQuality "1"]

1. d4 Nf6 2. c4 g6 3. Nc3 d5 4. Bg5 Ne4 5. Bh4 Nxc3 6. bxc3 Bg7 7. e3 c5 8. cxd5 Qxd5 9. Be2 cxd4 10. exd4 Qa5 11. Qd2 Bh6 12. Qb2 Nc6 13. Nf3 0-0 14. 0-0 e5 15. dxe5 Nxe5 16. Bf6 Nxf3+ 17. Bxf3 Qb6 18. Qxb6 axb6 19. Rfb1 Re8 20. Bd4 Bg7 21. h3 Bxd4 22. cxd4 Rd8 23. d5 Rd6 24. Rb2 Ra3 25. Rb3 Ra5 26. Rc3 Bf5 27. a3 Kf8 28. Re1 Bd7 29. Kh2 Rc5 30. Rec1 Rxc3 31. Rxc3 Ke7 32. Rc7 Kd8 33. Rc3 h6 34. g4 Bb5 35. Kg3 Rf6 36. h4 g5 37. h5 Kd7 38. Be4 Kd8 39. Bf5 Bd7 40. Be4 Bxg4 41. Kxg4 Rf4+ 42. Kg3 Rxe4 43. Rf3 Ke7 44. Rb3 Ra4 45. Rxb6 Rxa3+ 46. Kg4 Ra6 47. Rxb7+ Kf6 48. Rc7 Ra4+ 49. Kg3 Rd4 50. Rc6+ Kf5 51. Rxh6 Rxd5 52. Rh8 Rd3+ 53. Kg2 Rd4 54. h6 Rg4+ 55. Kf3 Rh4 56. Kg3 f6 57. f3 Kg6 58. Rg8+ Kh7 59. Rg7+ Kxh6 60. Rg8 Ra4 61. Rh8+ Kg7 62. Rb8 Kg6 63. Rg8+ Kf5 64. Rb8 Ra3 65. Rb5+ Kg6 66. Rb6 Ra4 67. Rc6 Rh4 68. Ra6 Rh6 69. f4 gxf4+ 70. Kxf4 Rh4+ 71. Kg3 Rb4 72. Ra5 Rd4 73. Rb5 Kf7 74. Kf3 Ke6 75. Rb6+ Kf5 76. Rb5+ Kg6 77. Ra5 Rd8 78. Kf4 Rd1 79. Rb5 Rf1+ 80. Kg3 Rf5 81. Rxf5 Kxf5 82. Kf3 Ke5 83. Ke3 f5 84. Kf3 f4 85. Kf2 Kf6 86. Kf3 Kg5 87. Kf2 Kg4 88. Kg2 f3+ 89. Kf2 Kf4 90. Kf1 Ke3 91. Ke1 f2+ 92. Kf1 1/2-1/2

[Event "CHI-ch 0708"]
[Site "Santiago de Chile"]
[Date "2008.02.19"]
[Round "5"]
[White "Salas Arros, Cristian Eduardo"]
[Black "Rios Escobar, Adan"]
[Result "1-0"]
[WhiteElo "2386"]
[BlackElo "2280"]
[PlyCount "95"]
[EventDate "2008.02.16"]
[EventType "tourn"]
[EventRounds "11"]
[EventCountry "CHI"]
[SourceTitle "EXT 2012"]
[Source "ChessBase"]
[SourceDate "2011.11.24"]
[SourceVersion "1"]
[SourceVersionDate "2011.11.24"]
[SourceQuality "1"]

1. d4 g6 2. c4 Bg7 3. Nc3 d6 4. Nf3 Nd7 5. e4 e5 6. Be2 Ne7 7. h4 h5 8. Bg5 0-0 9. Qd2 a6 10. dxe5 dxe5 11. Rd1 Qe8 12. b4 Nb8 13. Bxe7 Qxe7 14. Nd5 Qd8 15. Qg5 Nc6 16. Qxd8 Rxd8 17. Nxc7 Rxd1+ 18. Bxd1 Ra7 19. Nd5 Be6 20. a3 b5 21. Be2 Bg4 22. Nd2 Nd4 23. f3 Be6 24. Bd1 Bh6 25. a4 bxa4 26. Bxa4 Rb7 27. c5 Bxd5 28. exd5 Rxb4 29. c6 Nf5 30. c7 Bxd2+ 31. Kxd2 Nd6 32. Bd7 Rd4+ 33. Ke2 Rc4 34. Bc6 Rb4 35. Ra1 Rb6 36. Bd7 Kf8 37. c8Q+ Nxc8 38. Bxc8 Rb5 39. d6 a5 40. Bd7 Rb2+ 41. Ke3 f5 42. Rxa5 Rb3+ 43. Kd2 Rb2+ 44. Kc3 Rb6 45. Rd5 e4 46. fxe4 fxe4 47. Bb5 Rb8 48. d7 1-0

[Event "CHI-ch 0708"]
[Site "Santiago de Chile"]
[Date "2008.02.17"]
[Round "2"]
[White "Garcia Cardenas, Pablo"]
[Black "Salas Arros, Cristian Eduardo"]
[Result "1-0"]
[WhiteElo "2181"]
[BlackElo "2386"]
[PlyCount "127"]
[EventDate "2008.02.16"]
[EventType "tourn"]
[EventRounds "11"]
[EventCountry "CHI"]
[SourceTitle "EXT 2012"]
[Source "ChessBase"]
[SourceDate "2011.11.24"]
[SourceVersion "1"]
[SourceVersionDate "2011.11.24"]
[SourceQuality "1"]

1. e4 c6 2. d4 d5 3. exd5 cxd5 4. c4 Nf6 5. Nc3 e6 6. Nf3 Bb4 7. cxd5 Nxd5 8. Bd2 0-0 9. Bd3 Nc6 10. 0-0 Nf6 11. Bg5 Be7 12. Re1 b6 13. a3 Bb7 14. Qd2 Nh5 15. Be3 Rc8 16. Rad1 Nf6 17. Bb1 Na5 18. Qe2 Nd5 19. Qd3 g6 20. Bh6 Re8 21. Ne4 Nc4 22. Ne5 Nd6 23. Qf3 f5 24. Nxd6 Bxd6 25. Qg3 Bxe5 26. dxe5 Qe7 27. Bg5 Qf7 28. Qh4 b5 29. Qd4 Rc4 30. Qd2 a6 31. Ba2 Rc7 32. Qa5 Rec8 33. Bxd5 Bxd5 34. Rxd5 exd5 35. e6 Qe8 36. Qd2 d4 37. h4 Rc6 38. e7 Rd6 39. Qf4 Rcc6 40. Qe5 Re6 41. Qxe6+ Rxe6 42. Rxe6 Kf7 43. Re1 Kg7 44. Kf1 h6 45. Bd2 d3 46. Re3 f4 47. Re4 g5 48. Bc3+ Kf7 49. hxg5 hxg5 50. Ke1 Kg6 51. Kd2 Kf7 52. f3 Kg6 53. Kxd3 Kh5 54. Bb4 a5 55. Bxa5 g4 56. Bd2 Kh4 57. Bxf4 gxf3 58. gxf3 Kh3 59. Ke3 Kg2 60. Bd6 Kf1 61. f4 Ke1 62. f5 Kd1 63. f6 Qg6 64. e8Q 1-0

[Event "CHI-chT Universities"]
[Site "Valparaiso"]
[Date "2007.11.09"]
[Round "2"]
[White "Pineda Polanco, Adolfo"]
[Black "Salas Arros, Cristian Eduardo"]
[Result "1/2-1/2"]
[WhiteElo "2300"]
[BlackElo "2386"]
[PlyCount "46"]
[EventDate "2007.11.08"]
[EventType "team"]
[EventRounds "7"]
[EventCountry "CHI"]
[SourceTitle "EXT 2012"]
[Source "ChessBase"]
[SourceDate "2011.11.24"]
[SourceVersion "1"]
[SourceVersionDate "2011.11.24"]
[SourceQuality "1"]
[WhiteTeam "Universidad Santa Maria"]
[BlackTeam "Universidad Arturo Prat"]
[WhiteTeamCountry "CHI"]
[BlackTeamCountry "CHI"]

1. e4 e5 2. Nf3 Nc6 3. Bb5 a6 4. Ba4 Nf6 5. 0-0 Be7 6. c3 Nxe4 7. Re1 Nc5 8. Bxc6 dxc6 9. Nxe5 0-0 10. d4 Ne6 11. b3 f6 12. Nf3 g5 13. Ba3 Bxa3 14. Nxa3 g4 15. Nd2 f5 16. Nac4 Qh4 17. Ne5 Nf4 18. Nf1 Nh5 19. f3 Qg5 20. fxg4 fxg4 21. Ng3 Nxg3 22. hxg3 Bf5 23. Nd3 Bxd3 1/2-1/2

[Event "CHI-chT Universities"]
[Site "Valparaiso"]
[Date "2007.11.09"]
[Round "3"]
[White "Salas Arros, Cristian Eduardo"]
[Black "Lenoir Ibacache, Gabriel Alberto"]
[Result "1-0"]
[WhiteElo "2386"]
[BlackElo "2234"]
[PlyCount "61"]
[EventDate "2007.11.08"]
[EventType "team"]
[EventRounds "7"]
[EventCountry "CHI"]
[SourceTitle "EXT 2012"]
[Source "ChessBase"]
[SourceDate "2011.11.24"]
[SourceVersion "1"]
[SourceVersionDate "2011.11.24"]
[SourceQuality "1"]
[WhiteTeam "Universidad Arturo Prat"]
[BlackTeam "Universidad de La Serena"]
[WhiteTeamCountry "CHI"]
[BlackTeamCountry "CHI"]

1. d4 Nf6 2. c4 g6 3. Nc3 Bg7 4. e4 d6 5. Nf3 0-0 6. h3 e5 7. d5 h6 8. Be3 Ne8 9. g4 f5 10. gxf5 gxf5 11. exf5 Bxf5 12. Rg1 Kh8 13. Qd2 Qf6 14. Nh2 Nd7 15. Ng4 Qg6 16. Rg3 Nef6 17. Nxh6 Qh7 18. Nxf5 Qxf5 19. Bd3 e4 20. Be2 a6 21. 0-0-0 Ne5 22. Rdg1 Rf7 23. Bd4 Qh7 24. Be3 Raf8 25. Kb1 Ne8 26. Qc2 Nf6 27. Ka1 Bh6 28. Bd4 Bf4 29. R3g2 Rg8 30. Rxg8+ Nxg8 31. Qxe4 1-0

[Event "Callao op"]
[Site "Callao"]
[Date "2007.08.12"]
[Round "7"]
[White "Ledesma, Otoniel"]
[Black "Salas Arros, Cristian Eduardo"]
[Result "1/2-1/2"]
[WhiteElo "2197"]
[BlackElo "2412"]
[PlyCount "38"]
[EventDate "2007.08.08"]
[EventType "swiss"]
[EventRounds "9"]
[EventCountry "PER"]
[SourceTitle "CBM 119 Extra"]
[Source "ChessBase"]
[SourceDate "2007.09.04"]
[SourceVersion "1"]
[SourceVersionDate "2007.09.04"]
[SourceQuality "1"]

1. d4 d5 2. Nf3 Nf6 3. e3 Bg4 4. c4 c6 5. Nc3 a6 6. h3 Bh5 7. cxd5 Bxf3 8. Qxf3 cxd5 9. g4 e6 10. g5 Nfd7 11. e4 dxe4 12. Qxe4 Nc6 13. a3 Be7 14. h4 Nb6 15. Be3 Nd5 16. Nxd5 exd5 17. Qd3 Qa5+ 18. Bd2 Qa4 19. Bc3 Nb4 1/2-1/2

[Event "Callao op"]
[Site "Callao"]
[Date "2007.08.11"]
[Round "4"]
[White "Salas Arros, Cristian Eduardo"]
[Black "Calizaya, Marco"]
[Result "0-1"]
[WhiteElo "2412"]
[BlackElo "2125"]
[PlyCount "92"]
[EventDate "2007.08.08"]
[EventType "swiss"]
[EventRounds "9"]
[EventCountry "PER"]
[SourceTitle "CBM 119 Extra"]
[Source "ChessBase"]
[SourceDate "2007.09.04"]
[SourceVersion "1"]
[SourceVersionDate "2007.09.04"]
[SourceQuality "1"]

1. d4 d5 2. c4 c6 3. Nf3 Nf6 4. Nc3 e6 5. e3 Bd6 6. Qc2 0-0 7. e4 dxe4 8. Nxe4 Nxe4 9. Qxe4 Bb4+ 10. Bd2 Bxd2+ 11. Nxd2 Nd7 12. Bd3 Nf6 13. Qe3 Ng4 14. Qh3 f5 15. Nb3 a5 16. f3 a4 17. fxg4 axb3 18. Qe3 Rxa2 19. Rb1 fxg4 20. Qe4 Qa5+ 21. Ke2 Qh5 22. Qe5 Qxe5+ 23. dxe5 Ra5 24. Kd2 Rxe5 25. Rbf1 Rd8 26. Re1 Rc5 27. Kc3 e5 28. Rd1 Be6 29. Bxh7+ Kxh7 30. Rxd8 Rxc4+ 31. Kd3 Rc2 32. Re8 Bc4+ 33. Ke4 Rxb2 34. Re7 b5 35. Rxe5 Rxg2 36. Kd4 b2 37. Ree1 Ba2 38. Kc5 Rc2+ 39. Kb6 b4 40. Ka5 c5 41. Kb5 b3 42. Ka4 c4 43. Kb5 c3 44. Kc4 Rc1 45. Kb4 Rxe1 46. Rxe1 c2 0-1

[Event "Callao op"]
[Site "Callao"]
[Date "2007.08.09"]
[Round "2"]
[White "Salas Arros, Cristian Eduardo"]
[Black "Terry, Renato"]
[Result "1/2-1/2"]
[WhiteElo "2412"]
[BlackElo "2203"]
[PlyCount "94"]
[EventDate "2007.08.08"]
[EventType "swiss"]
[EventRounds "9"]
[EventCountry "PER"]
[SourceTitle "CBM 119 Extra"]
[Source "ChessBase"]
[SourceDate "2007.09.04"]
[SourceVersion "1"]
[SourceVersionDate "2007.09.04"]
[SourceQuality "1"]

1. d4 d5 2. c4 dxc4 3. e3 Nf6 4. Bxc4 e6 5. Nf3 c5 6. 0-0 a6 7. dxc5 Qxd1 8. Rxd1 Bxc5 9. b3 b6 10. Nc3 b5 11. Be2 Bb7 12. Ne5 Nbd7 13. Nxd7 Nxd7 14. Bb2 Ke7 15. Rac1 Rhc8 16. Bf3 Bxf3 17. gxf3 f5 18. Ne2 g6 19. Nf4 Bd6 20. Nd3 e5 21. f4 e4 22. Ne5 Nc5 23. Ba3 Ke6 24. Bxc5 Rxc5 25. Nc6 Rc8 26. Rxc5 Bxc5 27. Nd4+ Bxd4 28. Rxd4 Rc2 29. a4 Rc3 30. Rd8 bxa4 31. bxa4 Rc4 32. Rh8 h5 33. h4 Rxa4 34. Rg8 Kf7 35. Rb8 a5 36. Rb7+ Kf6 37. Rb6+ Kg7 38. Rb7+ Kh6 39. Ra7 Ra2 40. Kg2 a4 41. Kg1 a3 42. Kg2 Ra1 43. Kh2 Ra2 44. Kg1 Ra1+ 45. Kg2 Ra2 46. Kg1 Ra1+ 47. Kg2 Ra2 1/2-1/2

[Event "San Luis zt 2.5"]
[Site "San Luis"]
[Date "2007.03.22"]
[Round "5"]
[White "Ricardi, Pablo"]
[Black "Salas Arros, Cristian Eduardo"]
[Result "1-0"]
[WhiteElo "2527"]
[BlackElo "2418"]
[PlyCount "93"]
[EventDate "2007.03.19"]
[EventType "swiss"]
[EventRounds "9"]
[EventCountry "ARG"]
[SourceTitle "CBM 117 Extra"]
[Source "ChessBase"]
[SourceDate "2007.05.09"]
[SourceVersion "1"]
[SourceVersionDate "2007.05.09"]
[SourceQuality "1"]

1. e4 e5 2. Nf3 Nc6 3. Bb5 a6 4. Ba4 Nf6 5. 0-0 Be7 6. Re1 b5 7. Bb3 0-0 8. c3 d5 9. exd5 Nxd5 10. d4 exd4 11. cxd4 Bf5 12. Nc3 Nxc3 13. bxc3 Bf6 14. h3 Na5 15. Bf4 c5 16. Be5 Nxb3 17. axb3 Be7 18. d5 Qd7 19. d6 Bd8 20. Qd5 Qc8 21. Rad1 Ra7 22. b4 Bb6 23. Bxg7 Kxg7 24. d7 Rxd7 25. Qxf5 Rxd1 26. Qg5+ Kh8 27. Qf6+ Kg8 28. Rxd1 Bd8 29. Qe5 cxb4 30. cxb4 Qc6 31. Qf4 Bc7 32. Qg5+ Qg6 33. Qe7 Bb6 34. Rd6 Qb1+ 35. Kh2 Bxf2 36. Qg5+ Kh8 37. Qf6+ Kg8 38. Qg5+ Kh8 39. Qf6+ Kg8 40. Rd5 Be3 41. Re5 Qc1 42. Re4 h5 43. Qe5 Bh6 44. Nd4 Bg7 45. Qg3 Kh7 46. Rh4 Qh6 47. Nf5 1-0

[Event "San Luis zt 2.5"]
[Site "San Luis"]
[Date "2007.03.20"]
[Round "2"]
[White "Valerga, Diego"]
[Black "Salas Arros, Cristian Eduardo"]
[Result "1/2-1/2"]
[WhiteElo "2459"]
[BlackElo "2418"]
[PlyCount "55"]
[EventDate "2007.03.19"]
[EventType "swiss"]
[EventRounds "9"]
[EventCountry "ARG"]
[SourceTitle "CBM 117 Extra"]
[Source "ChessBase"]
[SourceDate "2007.05.09"]
[SourceVersion "1"]
[SourceVersionDate "2007.05.09"]
[SourceQuality "1"]

1. e4 e5 2. Nf3 Nc6 3. Bb5 a6 4. Ba4 Nf6 5. 0-0 Be7 6. Re1 b5 7. Bb3 0-0 8. d4 d6 9. c3 Bg4 10. Be3 Bh5 11. Nbd2 Na5 12. Bc2 c5 13. dxe5 dxe5 14. Qe2 Nc6 15. Nf1 Qc7 16. Bg5 Nd7 17. Bd2 Nb6 18. Ne3 Bg6 19. a4 c4 20. a5 Nd7 21. Nd5 Qb8 22. Bg5 Bxg5 23. Nxg5 Qd8 24. Qg4 Nf6 25. Nxf6+ Qxf6 26. h4 h6 27. Nf3 Rad8 28. h5 1/2-1/2

[Event "CHI-ch Fenach"]
[Site "Santiago de Chile"]
[Date "2007.02.10"]
[Round "8"]
[White "Salas Arros, Cristian Eduardo"]
[Black "Mesias Rojas, Rabindranath"]
[Result "1/2-1/2"]
[WhiteElo "2418"]
[BlackElo "2220"]
[PlyCount "113"]
[EventDate "2007.02.05"]
[EventType "tourn"]
[EventRounds "9"]
[EventCountry "CHI"]
[EventCategory "3"]
[SourceTitle "CBM 116 Extra"]
[Source "ChessBase"]
[SourceDate "2007.03.07"]
[SourceVersion "1"]
[SourceVersionDate "2007.03.07"]
[SourceQuality "1"]

1. Nf3 Nf6 2. c4 d6 3. d4 c5 4. Nc3 cxd4 5. Nxd4 Nc6 6. g3 e5 7. Nc2 Be6 8. Ne3 Be7 9. Bg2 Rc8 10. Ned5 0-0 11. 0-0 Ne8 12. b3 Bg5 13. Bxg5 Qxg5 14. e3 Qh6 15. Qd2 Kh8 16. Rad1 Bh3 17. f4 Bxg2 18. Qxg2 f5 19. e4 g6 20. Rd2 Qg7 21. Qh3 Nd4 22. Ne2 Nxe2+ 23. Rxe2 Nc7 24. Nxc7 Rxc7 25. exf5 Rxf5 26. g4 Rf8 27. fxe5 dxe5 28. Rxf8+ Qxf8 29. Qg3 Qc5+ 30. Qf2 Kg7 31. Rd2 Qxf2+ 32. Kxf2 Kf6 33. h4 Ke6 34. Ke3 Rf7 35. Rd8 Rf4 36. Rh8 Rxg4 37. Rxh7 b6 38. h5 gxh5 39. Rh6+ Kf5 40. Rxh5+ Rg5 41. Rxg5+ Kxg5 42. Ke4 Kf6 43. b4 Ke6 44. c5 b5 45. a3 a6 46. Ke3 Kd5 47. Kf3 e4+ 48. Kf4 Kd4 49. c6 e3 50. Kf3 Kd3 51. c7 e2 52. c8Q e1Q 53. Qxa6 Qe4+ 54. Kg3 Qe5+ 55. Kg4 Qg7+ 56. Kf5 Qh7+ 57. Kg5 1/2-1/2

[Event "Internet Section 06A g/8'+2\""]
[Site "Dos Hermanas"]
[Date "2004.03.06"]
[Round "1"]
[White "Salas Arros, Cristian Eduardo"]
[Black "Bolognesi, Alberto"]
[Result "1-0"]
[WhiteElo "2447"]
[BlackElo "1780"]
[PlyCount "81"]
[EventDate "2004.03.06"]
[EventType "swiss (blitz)"]
[EventRounds "9"]
[EventCountry "ESP"]
[SourceTitle "CBM 099 Extra"]
[Source "ChessBase"]
[SourceDate "2004.05.04"]
[SourceVersion "1"]
[SourceVersionDate "2004.05.04"]
[SourceQuality "1"]

1. d4 Nf6 2. c4 g6 3. Nc3 d5 4. cxd5 Nxd5 5. e4 Nxc3 6. bxc3 Bg7 7. Nf3 c5 8. Rb1 0-0 9. Be2 Nc6 10. d5 Bxc3+ 11. Bd2 Bxd2+ 12. Qxd2 Nd4 13. Nxd4 cxd4 14. Qxd4 Qa5+ 15. Qd2 Qxd2+ 16. Kxd2 Rd8 17. Ke3 b6 18. Rhc1 f5 19. e5 Bb7 20. Rc7 Bxd5 21. Rxe7 Re8 22. Rxe8+ Rxe8 23. f4 Bxg2 24. Rd1 Re7 25. Bc4+ Kg7 26. h4 h6 27. a3 Be4 28. Rd6 Rc7 29. Kd4 Bc2 30. Rd8 Ba4 31. e6 Kf6 32. Bd5 Bc6 33. Bb3 g5 34. hxg5+ hxg5 35. fxg5+ Kxg5 36. Ke5 Be4 37. Rg8+ Kh6 38. Kd6 Rh7 39. e7 Rxe7 40. Kxe7 f4 41. Rg4 1-0

[Event "Internet Section 06A g/8'+2\""]
[Site "Dos Hermanas"]
[Date "2004.03.06"]
[Round "9"]
[White "Salas Arros, Cristian Eduardo"]
[Black "Dias Fernandes, Attila"]
[Result "1-0"]
[WhiteElo "2447"]
[BlackElo "2084"]
[PlyCount "53"]
[EventDate "2004.03.06"]
[EventType "swiss (blitz)"]
[EventRounds "9"]
[EventCountry "ESP"]
[SourceTitle "CBM 099 Extra"]
[Source "ChessBase"]
[SourceDate "2004.05.04"]
[SourceVersion "1"]
[SourceVersionDate "2004.05.04"]
[SourceQuality "1"]

1. d4 Nf6 2. c4 g6 3. Nc3 Bg7 4. e4 d6 5. Nf3 0-0 6. Be2 e5 7. 0-0 Nc6 8. d5 Ne7 9. b4 Nh5 10. Re1 f5 11. Ng5 Nf4 12. Bxf4 exf4 13. Rc1 c6 14. Bf1 h6 15. Ne6 Bxe6 16. dxe6 fxe4 17. Nxe4 d5 18. cxd5 Qxd5 19. Bc4 Qxd1 20. Rcxd1 Rfd8 21. Rd7 Nd5 22. Bxd5 cxd5 23. Nd6 Bf8 24. Nxb7 Bxb4 25. Rxd8+ Rxd8 26. Nxd8 Bxe1 27. e7 1-0

[Event "Internet Section 06A g/8'+2\""]
[Site "Dos Hermanas"]
[Date "2004.03.06"]
[Round "5"]
[White "Salas Arros, Cristian Eduardo"]
[Black "Turzo, Attila"]
[Result "0-1"]
[WhiteElo "2447"]
[BlackElo "2349"]
[PlyCount "120"]
[EventDate "2004.03.06"]
[EventType "swiss (blitz)"]
[EventRounds "9"]
[EventCountry "ESP"]
[SourceTitle "CBM 099 Extra"]
[Source "ChessBase"]
[SourceDate "2004.05.04"]
[SourceVersion "1"]
[SourceVersionDate "2004.05.04"]
[SourceQuality "1"]

1. d4 d5 2. c4 c6 3. Nf3 Nf6 4. e3 Bf5 5. Nc3 e6 6. Bd3 Bxd3 7. Qxd3 Nbd7 8. 0-0 Be7 9. Re1 0-0 10. e4 dxe4 11. Nxe4 Qc7 12. Qe2 Rfe8 13. Bd2 e5 14. dxe5 Nxe5 15. Nxe5 Qxe5 16. Bc3 Qxe4 17. Qxe4 Nxe4 18. Rxe4 f5 19. Re5 g6 20. Rae1 Kf7 21. Re6 Rad8 22. Kf1 a6 23. a4 Rb8 24. h3 Rbc8 25. g4 fxg4 26. hxg4 Bg5 27. Rxe8 Rxe8 28. Rd1 Rd8 29. Re1 Bf6 30. Re3 Bxc3 31. Rxc3 Ke6 32. Ke2 h5 33. Kf3 h4 34. Kf4 Rh8 35. Rh3 Kf6 36. g5+ Ke6 37. Ke4 b5 38. axb5 axb5 39. cxb5 cxb5 40. f3 Kd6 41. Kd4 Ke6 42. Ke4 Rh7 43. Kf4 Kd5 44. Kg4 Ke5 45. b3 b4 46. Rh1 Rh8 47. Rh2 Rh7 48. Rh1 Rh8 49. Rh2 Rf8 50. Rxh4 Rf4+ 51. Kg3 Rxh4 52. Kxh4 Kf4 53. Kh3 Kxf3 54. Kh4 Kf4 55. Kh3 Kxg5 56. Kg3 Kf5 57. Kh4 Kf4 58. Kh3 g5 59. Kg2 Kg4 60. Kg1 Kg3 0-1